Republic of Namibia: Criminal Law Precedents (Record no. 2754)

MARC details
000 -LEADER
fixed length control field 00464nam a22001577a 4500
005 - DATE AND TIME OF INPUT
control field 20240821124101.0
008 - DATA ELEMENTS--GENERAL INFORMATION
fixed length control field 240821b |||||||| |||| 00| 0 eng d
041 ## - LANGUAGE CODE
Language code of text English
082 ## - SHELF NUMBER
DDC number 349 REP
100 ## - MAIN AUTHOR
Language of a work English
245 ## - TITLE STATEMENT
Title Republic of Namibia: Criminal Law Precedents
260 ## - PUBLICATION, DISTRIBUTION, ETC.
Place of publication, distribution, etc. Windhoek:
Name of publisher, distributor, etc. Criminal Law Precedents,
Date of publication, distribution, etc. 2005
300 ## - PHYSICAL DESCRIPTION
Other physical details xvi, 126 pages;
Dimensions 25 cm.
650 ## - SUBJECT`
Broad subject Legal practice
Own subject terms Law
942 ## - ADDED ENTRY ELEMENTS (KOHA)
Item type Books
942 ## - ADDED ENTRY ELEMENTS (KOHA)
-- ALISON_BN_VRIES
Holdings
Source of classification or shelving scheme Volume number (bound volume or other part) Not for loan Collection code Home library Current library Shelving location Date acquired Full call number Barcode Price effective from Koha item type
Dewey Decimal Classification Volume 1/2005   Namibian Criminal Law Precedents LAW SOCIETY OF NAMIBIA LIBRARY - WINDHOEK LAW SOCIETY OF NAMIBIA LIBRARY - WINDHOEK Namibia Criminal law precedents 08/21/2024 349 NAM LSN/2023/3941 08/21/2024 Books
Dewey Decimal Classification Volume 2/2005   Namibian Criminal Law Precedents LAW SOCIETY OF NAMIBIA LIBRARY - WINDHOEK LAW SOCIETY OF NAMIBIA LIBRARY - WINDHOEK Namibia Criminal law precedents 08/21/2024 349 NAM LSN/2023/3942 08/21/2024 Books
Dewey Decimal Classification Volume 3/2005   Namibian Criminal Law Precedents LAW SOCIETY OF NAMIBIA LIBRARY - WINDHOEK LAW SOCIETY OF NAMIBIA LIBRARY - WINDHOEK Namibia Criminal law precedents 08/21/2024 349 NAM LSN/2023/3943 08/21/2024 Books
Dewey Decimal Classification Volume 4/2005   Namibian Criminal Law Precedents LAW SOCIETY OF NAMIBIA LIBRARY - WINDHOEK LAW SOCIETY OF NAMIBIA LIBRARY - WINDHOEK Namibia Criminal law precedents 08/21/2024 349 NAM LSN/2023/3944 08/21/2024 Books
Dewey Decimal Classification Volume 5/2005   Namibian Criminal Law Precedents LAW SOCIETY OF NAMIBIA LIBRARY - WINDHOEK LAW SOCIETY OF NAMIBIA LIBRARY - WINDHOEK Namibia Criminal law precedents 08/21/2024 349 NAM LSN/2023/3945 08/21/2024 Books